Statistics for Most In-Demand Programming Langage

Click here to take the quiz!

General Stats

  • This quiz has been taken 45 times
  • The average score is 6 of 11

Answer Stats

PosAnswer% Correct
8C#
98%
2Python
98%
5Java
95%
1JavaScript
76%
3HTML
62%
4CSS
48%
11Go
45%
6SQL
43%
9Rust
38%
10Perl
24%
7NoSQL
12%

Score Distribution

Percentile by Number Answered

Percent of People with Each Score

Your Score History

You have not taken this quiz